000 00717nam a22002057a 4500
999 _c4594
_d4594
003 AR-CdUCM
008 190311b ||||| |||| 00| 0 spa d
040 _aMUNICIPALIDAD PROVINCIAL DEL CUSCO
_cBIBLIOTECA MUNICIPAL DEL CUSCO
082 _a869.567 /
_bAD23
100 _aAdán, Martín
_98187
245 _aObra poética :
_b1928-1971, con una selección de juicios críticos /
_cMartín Adán
260 _aLima :
_bInstituto Nacional de Cultura,
_c1971.
300 _a320 páginas ;
_c17 cm.
500 _aDonación de la familia Nieto.
650 _aPoesía peruana - Siglo XX
_914083
650 _aMartín Adán - Poemas
_914345
650 _aPoetas peruanos
_91611
942 _2ddc
_cLIBROS
945 _alccs